| 000 | 00479nam a2200205Ia 4500 | ||
|---|---|---|---|
| 003 | LK-CoDNM | ||
| 005 | 20240820114125.0 | ||
| 008 | 010623t1798 xxu||||| |||| 00| 1 eng d | ||
| 040 |
_aLK-CoDNM _dLK-CoDNM _eLK-CoDNM |
||
| 041 | _aeng | ||
| 080 |
_a7 _bC1 |
||
| 245 | _aAsitic Researches | ||
| 260 |
_bCalcutta Press _c1798 |
||
| 300 | _bXVI, 483P. : ILL ; 21 cm | ||
| 650 | _aAntiquities | ||
| 650 | _aBrahma | ||
| 650 | _aHistory | ||
| 650 | _aVishnu | ||
| 942 | _cBK | ||
| 999 |
_c80862 _d80862 |
||